Kebun akhiratku : (Record no. 1186)

000 -LEADER
fixed length control field nam a22 a 4500
003 - CONTROL NUMBER IDENTIFIER
control field AKMAL
005 - DATE AND TIME OF LATEST TRANSACTION
control field 20170508150519.0
008 - FIXED-LENGTH DATA ELEMENTS--GENERAL INFORMATION
fixed length control field 170508s1990 my 00 may d
040 ## - CATALOGING SOURCE
Original cataloging agency AKMAL
082 04 - DEWEY DECIMAL CLASSIFICATION NUMBER
Classification number 297.4 MAH
090 20 - LOCALLY ASSIGNED LC-TYPE CALL NUMBER (OCLC); LOCAL CALL NUMBER (RLIN)
Classification number (OCLC) (R) ; Classification number, CALL (RLIN) (NR) 297.4
Local cutter number (OCLC) ; Book number/undivided call number, CALL (RLIN) MAH
100 1# - MAIN ENTRY--PERSONAL NAME
Personal name Sahli, Mahfudli
9 (RLIN) 2397
245 1# - TITLE STATEMENT
Title Kebun akhiratku :
Remainder of title petunjuk dan tuntunan berdasarkan al-Quran & hadits dalam mengayuh kehidupan rumahtangga yang bahagia dunia dan akherat /
Statement of responsibility, etc. Mahfudi Sahli
260 ## - PUBLICATION, DISTRIBUTION, ETC.
Place of publication, distribution, etc. Cheras :
Name of publisher, distributor, etc. Pustaka Bacamedia,
Date of publication, distribution, etc. 1990
300 ## - PHYSICAL DESCRIPTION
Extent 95ms. ;
Dimensions 21cm
505 0# - FORMATTED CONTENTS NOTE
Formatted contents note Mengandungi ayat-ayat dari Quran
650 ## - SUBJECT ADDED ENTRY--TOPICAL TERM
Topical term or geographic name entry element Marriage customs and rites, Islamic
9 (RLIN) 1899
650 ## - SUBJECT ADDED ENTRY--TOPICAL TERM
Topical term or geographic name entry element Muslim women
General subdivision Conduct of life
9 (RLIN) 1655
942 ## - ADDED ENTRY ELEMENTS (KOHA)
Source of classification or shelving scheme
Koha item type Book
Holdings
Withdrawn status Lost status Source of classification or shelving scheme Damaged status Not for loan Collection code Home library Current library Shelving location Date acquired Inventory number Total Checkouts Full call number Barcode Date last seen Price effective from Koha item type
          NON-FICTION AKMAL Melaka AKMAL Melaka PINJAMAN 08.05.2017 00484   297.4 MAH 201702155 08.05.2017 08.05.2017 Book
Pusat Sumber Maklumat Dato' Haji Sarmin Md Hussin, Akademi Kastam Diraja Malaysia, Melaka
Tel: 06-2331106 | Faks: 06-2313787